00522nam a22001577a 450000500170000001000150001702000260003203500140005803700130007208200120008510000200009724501080011726000560022527000620028130000210034320220802100419.0 aENG-134132 a9789380200729c199.00 aEN-117664 bDBAB/PUB a332.632 aChauhan, Manish a3 Pillars of Financial Security:bLife Insurance, Health Insurance & Emergency Fund/cby Manish Chauhan aNew DelhibNetwork 18 Publication Private Ltdc2013 a507, Prabhat Kiran, 17, Rajendra PlacebNew Delhie110008 a122p.c18cm(pbk)